<?xml version="1.0" encoding="UTF-8"?>
<record
    xmlns:xsi="http://www.w3.org/2001/XMLSchema-instance"
    xsi:schemaLocation="http://www.loc.gov/MARC21/slim http://www.loc.gov/standards/marcxml/schema/MARC21slim.xsd"
    xmlns="http://www.loc.gov/MARC21/slim">

  <leader>00755nab a2200229 uc4500</leader>
  <controlfield tag="001">314917</controlfield>
  <controlfield tag="005">20240313085551.0</controlfield>
  <controlfield tag="008">981111e19960701                    spa  </controlfield>
  <datafield tag="035" ind1=" " ind2=" ">
    <subfield code="a">314917</subfield>
  </datafield>
  <datafield tag="035" ind1=" " ind2=" ">
    <subfield code="a">(OCoLC)819770049</subfield>
  </datafield>
  <datafield tag="040" ind1=" " ind2=" ">
    <subfield code="c">comduadb</subfield>
  </datafield>
  <datafield tag="041" ind1=" " ind2=" ">
    <subfield code="a">spa</subfield>
  </datafield>
  <datafield tag="100" ind1="1" ind2="0">
    <subfield code="a">Towney, Rod</subfield>
    <subfield code="4">aut</subfield>
    <subfield code="e">aut</subfield>
    <subfield code="9">497598</subfield>
  </datafield>
  <datafield tag="245" ind1="1" ind2="0">
    <subfield code="a">Australia: Declaracion del Consejo Territorial Aborigen en Nueva Gales del Sur</subfield>
  </datafield>
  <datafield tag="650" ind1=" " ind2="7">
    <subfield code="a">Comunidades ind&#xED;genas</subfield>
    <subfield code="2">lemb</subfield>
    <subfield code="9">160058</subfield>
  </datafield>
  <datafield tag="650" ind1=" " ind2=" ">
    <subfield code="a">Salud ind&#xED;gena</subfield>
    <subfield code="9">39670</subfield>
  </datafield>
  <datafield tag="650" ind1=" " ind2=" ">
    <subfield code="a">Derechos de los ind&#xED;genas</subfield>
    <subfield code="9">63771</subfield>
  </datafield>
  <datafield tag="650" ind1=" " ind2=" ">
    <subfield code="a">Autodeterminaci&#xF3;n de los pueblos</subfield>
    <subfield code="9">39671</subfield>
  </datafield>
  <datafield tag="650" ind1=" " ind2=" ">
    <subfield code="a">Australia</subfield>
    <subfield code="9">6082</subfield>
  </datafield>
  <datafield tag="773" ind1="0" ind2=" ">
    <subfield code="t">Asuntos Ind&#xED;genas (Copenhague)</subfield>
    <subfield code="g">No. 03, Jul.-Sep. 1996, p. 43</subfield>
    <subfield code="w">9477</subfield>
    <subfield code="x">0105-6387</subfield>
    <subfield code="0">5684</subfield>
  </datafield>
  <datafield tag="942" ind1=" " ind2=" ">
    <subfield code="c">ARIMP</subfield>
  </datafield>
  <datafield tag="999" ind1=" " ind2=" ">
    <subfield code="c">102036</subfield>
    <subfield code="d">102036</subfield>
  </datafield>
</record>
